[Event "2nd European Youth GP 2017"]
[Site "Jermuk"]
[Date "2017.10.12"]
[Round "8"]
[White "Hakobyan, Aram"]
[Black "Zarubitski, Viachaslau"]
[Result "0-1"]
[WhiteElo "2457"]
[BlackElo "2311"]
[Annotator "TA"]
[PlyCount "124"]
[EventDate "2017.??.??"]
[EventType "tourn"]
[EventCountry "ARM"]
[SourceTitle "playchess.com"]
[Source "ChessBase"]
[SourceQuality "1"]

{[%evp 23,124,11,27,25,50,46,47,0,0,0,12,-23,-22,-27,-16,-52,0,0,0,-70,-72,-81,-81,-75,-73,-69,-69,-65,-56,-130,-89,-109,-48,-100,-30,-92,-90,-99,-89,-103,-98,-121,-145,-130,-78,-166,-162,-157,-154,-162,-162,-164,-159,-164,-151,-175,-173,-177,-177,-178,-152,-158,-162,-188,-177,-177,-177,-241,-245,-317,-272,-336,-309,-318,-313,-372,-366,-823,-832,-879,-896,-891,-885,-1085,-966,-1168,-1159,-1096,-1041,-1028,-767,-1551,-1335,-29980,-29981,-29991,-29992,-29992,-29993,-29993,-29993,-29998,-29999]} 1. Nf3 d5 2. g3 Nf6 3. Bg2 c6 4. O-O Bf5 5. b3 h6 6. Bb2 e6 7. d3 Be7 8. Nbd2 O-O 9. Qe1 Bh7 10. e4 a5 11. a3 c5 {A07: Réti Opening: New York and Capablanca Systems} 12. a4 (12. Ne5 Nc6 13. Nxc6 bxc6 14. f4 a4 15. Kh1 Re8 16. Qe2 Qb6 17. Rae1 Nd7 18. g4 Bf8 19. g5 hxg5 20. fxg5 axb3 21. cxb3 {1-0 (33) Li,C (2720)-Mareco,S (2664) chess.com INT 2017}) 12... Nc6 {[%cal Bb8c6,Bc6d4,Bd4f3][%mdl 32] LiveBook: 6 Games} 13. Ne5 Nd4 {White has an edge.} 14. Rc1 Rc8 $146 ({Predecessor:} 14... Qb6 15. Kh1 Rfe8 16. f4 Qc7 17. h3 Rad8 18. g4 Nd7 19. Nxd7 Qxd7 {1-0 (34) Maghsoodloo,P (2199)-Lorparizangeneh,S (2270) Al Ain 2013}) 15. Ndf3 Nxf3+ 16. Bxf3 Qc7 17. Bg2 c4 18. bxc4 {[%cal Re4d5]} dxe4 19. dxe4 Bb4 (19... Rfd8 $1 $15) 20. Qe2 $11 Nd7 $36 {[%mdl 2048] Black is more active.} 21. Nd3 ({White should play} 21. Nxd7 $11 Qxd7 22. Rfd1 Qxa4 23. Ra1) 21... Qxc4 $15 22. Rfd1 Rfd8 23. Qh5 Bg6 ({Not} 23... Bxe4 $2 24. Ne5 $18) 24. Qb5 Qxb5 25. axb5 Be7 26. f3 (26. Bd4 $15) 26... Rc7 27. Bh3 Rdc8 (27... a4 $17 28. Nf4 Kh7) 28. Rd2 ({White should try} 28. Nf4 $15 Nf8 29. c3) 28... Nc5 (28... Bh5 $17 29. Bg2 Nb6) 29. Ra1 (29. Nf4 $11 {remains equal.}) 29... Nxd3 $17 30. cxd3 Bb4 31. Re2 Rc5 32. d4 Rxb5 33. d5 Re8 (33... Bh5 $142 34. Kg2 Rbc5) 34. Bd4 (34. Kg2 $17) 34... Rd8 $19 35. Bf1 exd5 36. Rc2 dxe4 37. Bxb5 {[#] And now Bb6 would win.} Rxd4 38. fxe4 Bxe4 39. Rc8+ Kh7 40. Rc4 Rxc4 41. Bxc4 {[%mdl 4096] Endgame KRB-KB} Kg6 42. Bb5 f5 43. Kf2 Kf6 44. Rc1 g5 {[%cal Bg7g5,Bg5f4][%mdl 32]} 45. Rc7 (45. Rc8 {might work better.}) 45... f4 46. Be2 b6 47. gxf4 gxf4 48. Bf3 Bd3 49. Rc6+ Ke5 50. Kg2 $2 {[#]} (50. Be2 Be4 51. Rxh6) 50... Bc5 51. Rxh6 a4 52. Rh5+ Kd4 53. Rh8 Bc4 54. h4 a3 55. h5 a2 56. Ra8 Ke3 57. h6 Bd4 58. Re8+ Kd2 {Black mates.} 59. h7 a1=Q 60. Kh3 Qg1 {[%csl Gf4][%cal Rg1g3]} 61. Bg2 Qf2 {[%csl Gf4][%cal Rf2g3]} 62. Rg8 Be6+ {Precision: White = 34%, Black = 69%.} 0-1

[Event "2nd European Youth GP 2017"]
[Site "Jermuk"]
[Date "2017.10.12"]
[Round "8"]
[White "Lobanov, Sergei"]
[Black "Shevchenko, Kirill"]
[Result "0-1"]
[WhiteElo "2457"]
[BlackElo "2531"]
[Annotator "TA"]
[PlyCount "68"]
[EventDate "2017.??.??"]
[EventType "tourn"]
[EventCountry "ARM"]
[SourceTitle "playchess.com"]
[Source "ChessBase"]
[SourceQuality "1"]

{[%evp 27,68,0,0,0,0,0,0,0,0,-7,149,-12,-43,-31,0,0,0,0,7,0,0,-85,-67,-96,-83,-107,-97,-97,-88,-218,-251,-255,-244,-250,-241,-310,-310,-29988,-29989,-29989,-29990,-29990,-5221]} 1. e4 c5 2. Nf3 d6 3. d4 cxd4 4. Nxd4 Nf6 5. Nc3 a6 6. Be2 e5 7. Nb3 Be7 8. Be3 Be6 9. Nd5 Nbd7 10. Qd3 O-O 11. O-O Bxd5 12. exd5 Rc8 13. c4 Ne8 {B92: Sicilian Najdorf: 6 Be2} (13... g6 14. Rac1 Ne8 15. Qd2 Ng7 16. Na5 Nf5 17. Nxb7 Qc7 18. Na5 Nxe3 19. fxe3 Bg5 20. b4 Qb6 21. Rf3 {½-½ (78) Sethuraman,S (2618)-Giri,A (2772) Tbilisi 2017}) 14. Bg4 e4 {LiveBook: 3 Games} 15. Qe2 f5 {The position is equal.} 16. Bh3 g6 17. Nd4 Ng7 18. Bh6 {[#] And now Bxg7 would win.} Nc5 $146 (18... Bf6 $1 $11 19. Bxg7 Bxg7) ({Predecessor:} 18... Bf6 19. Ne6 Nxe6 20. dxe6 Nc5 21. Bxf8 Kxf8 {½-½ (42) Cavajda,I (2467)-Roubaud,D (2533) ICCF email 2014}) 19. b4 $2 (19. Bxg7 $1 $16 Kxg7 20. b4) 19... Bf6 $1 $11 {[%cal Rf6d4]} 20. Rad1 Nd3 21. Bxg7 Bxg7 22. Ne6 Qb6 23. Nxf8 Kxf8 24. Bxf5 (24. Kh1 $11 {keeps the balance.}) 24... gxf5 $17 25. Qh5 Kg8 $1 {Strongly threatening ...Rf8.} 26. Qxf5 Re8 $1 27. Qd7 Qd8 $1 {[%cal Rd8d7]} 28. Qxb7 (28. Qxd8 $17 Rxd8 29. Rd2) 28... Bd4 $1 $19 29. c5 (29. Qxa6 Bxf2+ 30. Kh1 (30. Rxf2 Nxf2 31. Kxf2 Qh4+ 32. Ke2 e3 $19) 30... Bd4 $15) 29... Bxf2+ $1 30. Kh1 {[#]} e3 $1 {[%cal Be4e3,Be3e2][%mdl 32] White must now prevent ...e2.} ({Resist} 30... dxc5 31. bxc5 Bxc5 32. a4) 31. Qxa6 {[#]} Nf4 $1 {Threatens to win with ...Qg5.} ({Stronger than} 31... Nxb4 32. Qe2 $11) 32. Qc4 $2 ({But not} 32. Qxd6 $2 Qg5 $19) (32. Rd4 $19 e2 33. Rxf4 exf1=R+ 34. Qxf1) 32... Qg5 {[%csl Gf4][%cal Rg5g2] Black mates.} 33. g3 e2 34. gxf4 Qg4 {Precision: White = 43%, Black = 73%.} (34... Qh5 $142 35. Qd3 Re3 36. Qe4 exd1=Q 37. Qg2+ Rg3 38. h3 Rxg2 39. Kxg2 Qdf3+ 40. Kh2 Qhxh3#) 0-1

[Event "2nd European Youth GP 2017"]
[Site "Jermuk"]
[Date "2017.10.12"]
[Round "8"]
[White "Sargsyan, Shant"]
[Black "Shubin, Kirill"]
[Result "1-0"]
[WhiteElo "2431"]
[BlackElo "2359"]
[Annotator "TA"]
[PlyCount "81"]
[EventDate "2017.??.??"]
[EventType "tourn"]
[EventCountry "ARM"]
[SourceTitle "playchess.com"]
[Source "ChessBase"]
[SourceQuality "1"]

{[%evp 18,80,35,37,51,39,39,48,45,19,38,42,48,40,53,55,56,32,27,27,31,51,44,42,95,90,73,0,0,-30,-30,-24,-10,-13,-13,-13,-13,-13,-13,-13,-13,-13,-11,-41,-41,-43,-41,-41,-36,-64,-62,-67,-56,-67,-54,-79,-27,-46,-59,-55,476,462,29990,29991,29999]} 1. d4 e6 2. c4 Nf6 3. Nf3 Bb4+ 4. Bd2 a5 5. a3 Bxd2+ 6. Qxd2 d6 7. Nc3 {E11: Bogo-Indian} Nbd7 {[%cal Bb8d7,Bd7f8,Bf8e6,Be6c5][%mdl 32]} (7... O-O 8. g3 Nbd7 9. Bg2 e5 10. b3 exd4 11. Nxd4 Nb6 12. Ndb5 Nfd7 13. Qc2 a4 14. b4 Nxc4 {1-0 (54) Lysyj,I (2668)-Najer,E (2681) Sochi 2016}) 8. e4 e5 9. Bd3 O-O 10. O-O {LiveBook: 3 Games} Re8 11. Rfe1 Nf8 $146 ({Predecessor:} 11... exd4 12. Nxd4 a4 13. Bc2 Nc5 14. Re3 g6 {½-½ (41) Arat,U (2382)-Malakhatko,V (2488) Izmir 2017}) 12. h3 Ne6 13. Bf1 exd4 14. Nxd4 Nc5 {[%cal Rf6e4]} 15. Qc2 Bd7 16. Rad1 a4 17. Re3 Nh5 18. Kh2 Qg5 19. Nd5 Rac8 20. g3 c6 (20... Nf6 $14) 21. Nb6 $16 Rcd8 22. Nxd7 (22. Nf3 $16 Qf6 23. Bg2) 22... Rxd7 $11 23. Nf5 g6 24. h4 Qf6 25. Nh6+ Kf8 26. Ng4 Qg7 27. Bg2 Nf6 28. Nxf6 Qxf6 29. f3 Qe5 30. f4 Qf6 31. Qd2 Rde7 {[%cal Rc5e4]} 32. Rde1 h6 33. e5 dxe5 34. Rxe5 Rxe5 35. fxe5 Rxe5 36. Qxh6+ Ke7 (36... Kg8 $17 37. Rd1 Qe7) 37. Rf1 Qe6 38. Qf4 Re2 $2 {[%mdl 8192] [#]} (38... Kf8 $15 {keeps the upper hand.}) 39. Qg5+ $18 Kd6 (39... Ke8 $18 40. Qxc5 Qe4) 40. Rd1+ Kc7 41. Qd8# {Precision: White = 72%, Black = 49%.} 1-0

[Event "2nd European Youth GP 2017"]
[Site "Jermuk"]
[Date "2017.10.12"]
[Round "8"]
[White "Pultinevicius, Paulius"]
[Black "Kacharava, Nikolozi"]
[Result "1-0"]
[WhiteElo "2387"]
[BlackElo "2206"]
[Annotator "NA"]
[PlyCount "95"]
[EventDate "2017.??.??"]
[EventType "tourn"]
[EventCountry "ARM"]
[SourceTitle "playchess.com"]
[Source "ChessBase"]
[SourceQuality "1"]
[TimeControl "5400+30"]

1. Nf3 {[%emt 0:00:00]} Nf6 {[%emt 0:00:16]} 2. c4 {[%emt 0:00:00]} e6 {[%emt 0:00:17]} 3. Nc3 {[%emt 0:00:09]} d5 {[%emt 0:00:34]} 4. d4 {[%emt 0:03:04]} c5 {[%emt 0:00:36]} 5. cxd5 {[%emt 0:01:40]} Nxd5 {[%emt 0:00:16]} 6. e4 {[%emt 0:03:19]} Nxc3 {[%emt 0:00:18]} 7. bxc3 {[%emt 0:00:01]} cxd4 {[%emt 0:00:23]} 8. cxd4 {[%emt 0:00:19]} Bb4+ {[%emt 0:00:14]} 9. Bd2 {[%emt 0:00:01]} Bxd2+ {[%emt 0:00:22]} 10. Qxd2 {[%emt 0:00:01]} O-O {[%emt 0:00:20]} 11. Bc4 {[%emt 0:02:07]} Nd7 {[%emt 0:00:59] LiveBook: 326 Games} 12. O-O {[%emt 0:03:09] D41: Queen's Gambit Declined: Semi-Tarrasch with 5 cxd5} b6 {[%emt 0:00:44]} 13. Rac1 {[%emt 0:14:25]} (13. d5 Nc5 14. Rfe1 Bb7 15. Rad1 exd5 16. exd5 Qf6 17. Qe3 Rad8 18. h4 h6 19. h5 Rd6 {½-½ (55) Aronian,L (2799)-Matlakov,M (2728) Tbilisi 2017}) 13... Bb7 {[%emt 0:01:07]} 14. Rfe1 {[%emt 0:02:01]} Qe7 {[%emt 0:11:48]} 15. a4 $146 {[%emt 0:04:13]} ({Predecessor:} 15. d5 exd5 16. Bxd5 Bxd5 17. exd5 Qd8 18. d6 Nc5 19. Re7 {0-1 (39) Mas Recorda,P (2023)-Ruiz Mata,O (2314) Cerdanyola del Valles 2012}) 15... Rac8 {[%emt 0:24:51]} 16. Bd3 {[%emt 0:34:50]} Nf6 {[%emt 0:04:42]} 17. Rb1 {[%emt 0:05:39]} Qa3 {[%emt 0:04:31]} 18. a5 {[%emt 0:00:54]} b5 {[%emt 0:14:30]} 19. e5 {[%emt 0:13:35]} Ng4 {[%emt 0:08:38]} 20. Ng5 {[%emt 0:03:31]} h6 {[%emt 0:06:31]} 21. Bh7+ {[%emt 0:00:28]} Kh8 {[%emt 0:00:14]} 22. Be4 {[%emt 0:00:04]} hxg5 {[%emt 0:07:33]} 23. Bxb7 {[%emt 0:00:06]} Rc7 {[%emt 0:01:15]} 24. a6 {[%emt 0:01:46]} Qa4 {[%emt 0:01:53]} 25. d5 {[%emt 0:02:51]} Rc2 {[%emt 0:01:47]} 26. Qxg5 {[%emt 0:02:03]} Rxf2 $2 {[%emt 0:01:30]} (26... Qd4 $16 {is a better chance.} 27. Qh4+ Kg8) 27. h3 {[%emt 0:01:39]} Qd4 {[%emt 0:01:40]} 28. hxg4 {[%emt 0:00:33]} Rf4+ {[%emt 0:01:48]} 29. Kh1 {[%emt 0:00:19]} Rxg4 {[%emt 0:00:31] [#]} 30. Qe3 $1 {[%emt 0:00:01]} Rh4+ {[%emt 0:00:42]} 31. Kg1 {[%emt 0:00:01]} Qg4 {[%emt 0:00:29]} 32. d6 {[%emt 0:00:29]} Rh6 {[%emt 0:03:09]} 33. Bf3 {[%emt 0:01:46]} Qh4 {[%emt 0:00:41]} 34. Qe4 {[%emt 0:00:42]} Qh2+ {[%emt 0:00:51]} 35. Kf2 {[%emt 0:00:22]} f5 {[%emt 0:00:14]} 36. Qd4 {[%emt 0:00:16]} Rc8 {[%emt 0:00:47]} 37. Rbc1 {[%emt 0:00:23]} Rxc1 {[%emt 0:00:11]} 38. Rxc1 {[%emt 0:00:02]} Rh4 {[%emt 0:00:10]} 39. Qe3 {[%emt 0:01:59]} Rb4 {[%emt 0:01:11]} 40. d7 {[%emt 0:00:01]} Qh4+ {[%emt 0:00:28]} 41. Kg1 {[%emt 0:00:13]} Rd4 {[%emt 0:00:42]} 42. Rd1 {[%emt 0:00:32]} Rxd1+ {[%emt 0:00:33]} 43. Bxd1 {[%emt 0:00:01]} Kg8 {[%emt 0:00:23]} 44. Qd2 {[%emt 0:00:59]} Qd8 {[%emt 0:00:18]} 45. Qd6 {[%emt 0:00:08]} Kh7 {[%emt 0:00:27]} 46. Bb3 {[%emt 0:01:19]} Qg5 {[%emt 0:01:02]} 47. d8=Q {[%emt 0:00:41]} Qe3+ {[%emt 0:00:11]} 48. Kf1 {[%emt 0:00:17]} 1-0

[Event "2nd European Youth GP 2017"]
[Site "Jermuk"]
[Date "2017.10.12"]
[Round "8"]
[White "Pogosyan, Stefan"]
[Black "Nesterov, Arseniy"]
[Result "0-1"]
[WhiteElo "2368"]
[BlackElo "2350"]
[Annotator "NA"]
[PlyCount "122"]
[EventDate "2017.??.??"]
[EventType "tourn"]
[EventCountry "ARM"]
[SourceTitle "playchess.com"]
[Source "ChessBase"]
[SourceQuality "1"]
[TimeControl "5400+30"]

1. d4 {[%emt 0:00:00]} d5 {[%emt 0:00:05]} 2. c4 {[%emt 0:00:00]} c6 {[%emt 0:00:02]} 3. Nc3 {[%emt 0:00:04]} Nf6 {[%emt 0:00:17]} 4. Nf3 {[%emt 0:00:09]} e6 {[%emt 0:00:34]} 5. e3 {[%emt 0:00:07]} Nbd7 {[%emt 0:00:11]} 6. Bd3 {[%emt 0:00:14]} dxc4 {[%emt 0:00:15]} 7. Bxc4 {[%emt 0:00:09]} b5 {[%emt 0:00:04]} 8. Bd3 {[%emt 0:00:14]} Bb7 {[%emt 0:00:09]} 9. e4 {[%emt 0:00:59]} b4 $1 {[%emt 0:00:09]} 10. Na4 {[%emt 0:03:30] LiveBook: 846 Games} c5 {[%emt 0:00:45]} 11. Nxc5 {[%emt 0:03:31] D47: Semi-Slav: Meran System} (11. e5 Nd5 12. dxc5 Nxc5 13. Nxc5 Bxc5 14. O-O Be7 15. Qe2 Qb6 16. Ng5 h6 17. Ne4 Rd8 18. Qf3 Ba6 19. Rd1 O-O 20. Qg3 Kh8 21. Qh3 Kg8 22. Bxh6 gxh6 23. Qxh6 f5 24. Qg6+ Kh8 25. Qh6+ Kg8 26. Qg6+ Kh8 27. Qh6+ {½-½ (27) Aronian,L (2777)-Karjakin,S (2760) Zuerich 2015}) 11... Bxc5 {[%emt 0:02:51]} 12. dxc5 {[%emt 0:00:28]} Nxc5 {[%emt 0:08:50]} 13. Bb5+ {[%emt 0:02:33]} Ke7 {[%emt 0:00:21]} 14. Qxd8+ {[%emt 0:06:41]} Rhxd8 {[%emt 0:00:43]} 15. e5 {[%emt 0:00:15]} Ng4 $146 {[%emt 0:13:42]} ({Predecessor:} 15... Nd5 16. O-O h6 17. Bc4 a5 18. b3 Rac8 {0-1 (65) Fridbertsson,A (2200)-Thorsteins,K (2495) Reykjavik 1997}) 16. Bg5+ {[%emt 0:09:55]} f6 {[%emt 0:00:07]} 17. Bd2 {[%emt 0:01:01]} a5 18. h3 Bxf3 {[%emt 0:29:07]} 19. hxg4 {[%emt 0:02:20]} Be4 {[%emt 0:00:51]} 20. exf6+ {[%emt 0:02:21]} Kxf6 {[%emt 0:04:19]} 21. Rh5 {[%emt 0:09:14]} Nd3+ {[%emt 0:07:39]} 22. Ke2 {[%emt 0:01:29]} Kf7 {[%emt 0:00:33]} 23. Bg5 {[%emt 0:07:55]} Rd5 {[%emt 0:16:24]} 24. Bc6 {[%emt 0:01:59]} Rc8 {[%emt 0:00:13]} 25. Bxd5 {[%emt 0:00:11]} Rc2+ {[%emt 0:01:55]} 26. Ke3 {[%emt 0:00:20]} exd5 {[%emt 0:00:23]} 27. f3 {[%emt 0:03:41]} Bg6 {[%emt 0:00:10]} 28. Rhh1 h6 29. Bh4 Nxb2 30. Rhc1 Rc4 31. f4 d4+ 32. Kd2 Be4 33. Rab1 Bxb1 34. Rxb1 Na4 35. Kd3 Rc3+ 36. Kxd4 Rc2 37. Re1 Rxa2 ({Much less strong is} 37... Rxg2 38. Re7+ Kg8 39. Re8+ Kh7 40. g5 $19) 38. Re7+ Kf8 {[%emt 0:15:58]} 39. Rb7 {[%emt 0:37:57]} Rxg2 {[%emt 0:00:40]} 40. Be7+ Kg8 41. Rb5 {[%emt 0:01:37]} Rxg4 {[%emt 0:01:57]} 42. Ke5 {[%emt 0:00:14]} Nb2 {[%emt 0:01:13]} 43. Kf5 {[%emt 0:00:09]} Rg3 {[%emt 0:00:14]} 44. Rxa5 {[%emt 0:00:34]} b3 {[%emt 0:00:14]} 45. Rb5 {[%emt 0:01:26]} Nc4 {[%emt 0:00:17]} 46. Bc5 {[%emt 0:00:23]} b2 {[%emt 0:01:12]} 47. Rb8+ {[%emt 0:02:15]} Kh7 {[%emt 0:00:06]} 48. Bd4 {[%emt 0:00:35]} Rg2 {[%emt 0:00:44]} 49. Ke6 {[%emt 0:00:54] [#]} Rg6+ $19 {[%emt 0:01:04]} (49... Nb6 $1 {[%mdl 512]} 50. Bxb2 (50. Rxb6 Rg6+) 50... Rxb2) 50. Kf5 {[%emt 0:02:17]} Rg2 {[%emt 0:00:01]} 51. Ke6 {[%emt 0:00:01]} Rd2 {[%emt 0:00:27]} 52. Bc3 {[%emt 0:01:06]} Re2+ {[%emt 0:01:04]} 53. Kd5 {[%emt 0:02:56]} Ne3+ {[%emt 0:00:08]} 54. Kd6 {[%emt 0:00:37]} Rc2 {[%emt 0:00:44]} 55. Be5 {[%emt 0:00:43]} h5 {[%emt 0:00:19]} 56. Ke6 {[%emt 0:02:17]} h4 {[%emt 0:00:40]} 57. Bxb2 {[%emt 0:01:28]} h3 {[%emt 0:00:27]} 58. Rb7 {[%emt 0:00:46]} Rg2 {[%emt 0:00:28]} 59. f5 {[%emt 0:01:11]} h2 {[%emt 0:00:08]} 60. f6 {[%emt 0:00:06]} h1=Q {[%emt 0:00:10]} 61. f7 {[%emt 0:00:02]} Rg6+ 0-1

[Event "2nd European Youth GP 2017"]
[Site "Jermuk"]
[Date "2017.10.12"]
[Round "8"]
[White "Gharibyan, Mamikon"]
[Black "Kaasen, Tor Fredrik"]
[Result "0-1"]
[WhiteElo "2346"]
[BlackElo "2371"]
[Annotator "NA"]
[PlyCount "88"]
[EventDate "2017.??.??"]
[EventType "tourn"]
[EventCountry "ARM"]
[SourceTitle "playchess.com"]
[Source "ChessBase"]
[SourceQuality "1"]
[TimeControl "5400+30"]

1. d4 {[%emt 0:00:00]} d5 {[%emt 0:00:24]} 2. c4 {[%emt 0:00:00]} dxc4 {[%emt 0:00:11]} 3. Nf3 {[%emt 0:01:18]} Nf6 {[%emt 0:00:17]} 4. e3 {[%emt 0:01:04]} b5 {[%emt 0:00:12]} 5. a4 {[%emt 0:01:26] LiveBook: 181 Games D25: Queen's Gambit Accepted: 4 e3: sidelines and 4...Bg4} b4 $1 {[%emt 0:00:26]} 6. Bxc4 {[%emt 0:02:12]} e6 {[%emt 0:00:13]} 7. O-O {[%emt 0:00:55]} Be7 {[%emt 0:00:23]} 8. Bb5+ {[%emt 0:11:00]} (8. Nbd2 O-O 9. b3 Bb7 10. Bb2 Nbd7 11. Qe2 c5 {1-0 (36) Riazantsev,A (2671)-Piorun,K (2657) Tallinn 2016}) 8... c6 {[%emt 0:02:08]} 9. Bd3 {[%emt 0:00:39]} O-O {[%emt 0:01:25]} 10. Qe2 $146 {[%emt 0:04:40]} ({Predecessor:} 10. e4 Bb7 11. e5 Nd5 12. h4 Nd7 {0-1 (33) Greenfeld,A (2568)-Westerberg,J (2488) Gothenburg 2016}) 10... Bb7 {[%emt 0:01:19]} 11. Rd1 {[%emt 0:09:41]} Nbd7 {[%emt 0:00:35]} 12. b3 {[%emt 0:12:35]} Rc8 {[%emt 0:06:16]} 13. Bb2 {[%emt 0:01:39]} Qc7 {[%emt 0:01:24]} 14. Nbd2 {[%emt 0:03:37]} Rfd8 {[%emt 0:01:27]} 15. Rac1 {[%emt 0:04:20]} Qb8 {[%emt 0:01:05]} 16. e4 {[%emt 0:05:08]} c5 {[%emt 0:02:27]} 17. d5 {[%emt 0:06:24]} exd5 {[%emt 0:07:27]} 18. e5 {[%emt 0:08:21] [#]} Nh5 $1 {[%emt 0:09:35]} 19. g3 {[%emt 0:04:25]} Nf8 {[%emt 0:03:08]} 20. Nh4 {[%emt 0:03:20]} Bxh4 {[%emt 0:07:27]} 21. Qxh5 {[%emt 0:00:05]} Be7 {[%emt 0:00:17]} 22. Re1 {[%emt 0:03:55]} (22. e6 $17 fxe6 23. Re1) 22... g6 {[%emt 0:01:23]} 23. Qg4 {[%emt 0:03:26]} Ne6 {[%emt 0:03:42]} 24. Bf1 {[%emt 0:01:52]} Ba8 {[%emt 0:09:57]} 25. Bg2 {[%emt 0:01:58]} Qb6 {[%emt 0:02:13]} 26. Qe2 {[%emt 0:01:30]} a5 {[%emt 0:00:34]} 27. Red1 {[%emt 0:03:36]} Bb7 {[%emt 0:00:37]} 28. Qb5 {[%emt 0:00:43]} Qa7 {[%emt 0:02:18]} 29. h4 {[%emt 0:03:26]} Rc7 {[%emt 0:06:01]} 30. Qe2 {[%emt 0:00:32]} Ba6 {[%emt 0:00:19]} 31. Qe3 {[%emt 0:00:05]} c4 {[%emt 0:02:19]} 32. Qxa7 {[%emt 0:00:27]} Rxa7 {[%emt 0:00:01]} 33. bxc4 {[%emt 0:00:48]} dxc4 {[%emt 0:00:05]} 34. Ne4 {[%emt 0:00:23]} c3 {[%emt 0:01:41]} 35. Rxd8+ {[%emt 0:00:12]} Bxd8 {[%emt 0:00:48]} 36. Nxc3 {[%emt 0:01:13]} bxc3 {[%emt 0:00:06]} 37. Rxc3 {[%emt 0:00:08]} Rc7 {[%emt 0:00:24]} 38. Rb3 {[%emt 0:00:09]} Rc8 {[%emt 0:02:05]} 39. Bd5 {[%emt 0:00:44]} Bc7 {[%emt 0:02:25]} 40. f4 {[%emt 0:01:08]} Rd8 {[%emt 0:00:59]} 41. Bc6 {[%emt 0:00:17]} (41. Bf3 $142 Nc5 42. Ra3) 41... Rd1+ {[%emt 0:00:40]} 42. Kg2 $19 {[%emt 0:00:13]} Nc5 {[%emt 0:00:31]} 43. Rc3 {[%emt 0:00:15]} Rd2+ {[%emt 0:00:09]} 44. Kf3 {[%emt 0:00:09]} Be2+ {[%emt 0:00:45]} 0-1

[Event "2nd European Youth GP 2017"]
[Site "Jermuk"]
[Date "2017.10.14"]
[Round "10"]
[White "Hakobyan, Aram"]
[Black "Shevchenko, Kirill"]
[Result "0-1"]
[WhiteElo "2457"]
[BlackElo "2531"]
[Annotator "TA"]
[PlyCount "84"]
[EventDate "2017.??.??"]
[EventType "tourn"]
[EventCountry "ARM"]
[SourceTitle "playchess.com"]
[Source "ChessBase"]
[SourceQuality "1"]

{[%evp 29,84,0,-15,0,0,-11,-13,-15,76,0,-4,-12,-12,-18,0,-45,-35,-67,50,52,40,7,11,-54,0,0,9,-103,-92,-182,-52,-62,-49,-40,-60,-77,0,0,0,0,0,-107,-90,-837,-827,-29980,-29981,-29981,-29982,-29982,-29983,-29983,-29984,-29995,-29985,-29983,-29982]} 1. d4 Nf6 2. c4 e6 3. g3 d5 4. Bg2 Be7 5. Nf3 O-O 6. O-O dxc4 7. Ne5 Nc6 8. Nxc6 bxc6 9. Na3 Bxa3 10. bxa3 Ba6 11. Qd2 {E05: Open Catalan: 5 Nf3 Be7} Rb8 12. Qa5 Qc8 13. a4 Rd8 14. Ba3 Rxd4 15. Rfb1 Rb6 {LiveBook: 6 Games} 16. Bc5 Rd8 {[#]} 17. Bxb6 $146 ({Predecessor:} 17. Rd1 Rxd1+ 18. Rxd1 Rb8 19. e4 Nd7 20. Bxa7 Ra8 21. Be3 Bb7 22. Qb4 c5 23. Qxc4 {½-½ (23) Adly,A (2593)-Kryvoruchko,Y (2708) Sharjah 2017}) 17... cxb6 18. Qe5 c3 (18... h6 $11) 19. Bf3 (19. Qxc3 $16 c5 20. Qc2) 19... Nd5 $1 $11 20. Rd1 c5 21. Rac1 {[%cal Rf3d5]} Bc4 22. Rc2 h6 $36 {[%mdl 2048] Black is more active.} 23. h4 Nb4 (23... Rf8 $15) 24. Rxd8+ $14 Qxd8 25. Rxc3 Bxa2 26. Rc1 ({Better is} 26. a5 $11) 26... Bd5 (26... a5 $15) 27. Rd1 $11 Nc6 28. Qf4 (28. Qh5 $11) 28... Nd4 $17 29. Bh5 (29. Rxd4 $17 cxd4 30. Qxd4) 29... Qe7 (29... Qe8 $1 $19 {Threatens to win with ...e5.} 30. a5 e5) 30. Qb8+ $15 Kh7 31. e3 Nc6 32. Qc8 {[#] And now Rxd5! would win.} Ne5 (32... Qf6 $1 $17 33. Be2 Bf3 34. Bxf3 Qxf3) 33. e4 $1 $11 {[%cal Re4d5]} Bxe4 {aiming for ...Qf6.} 34. Rd8 {[%csl Gc8][%cal Rd8h8]} Ng6 {Hoping for ...Qf6.} 35. Be2 {[#]} (35. Qd7 $11 {remains equal.} Qf6 36. Qe8 Qa1+ 37. Bd1 Nxh4 38. gxh4) 35... Nxh4 $1 $17 36. gxh4 $2 {[%mdl 8192]} (36. Bh5 $17 Ng6 37. Qd7) 36... Qxh4 $19 {[%csl Ge4][%cal Rh4h1]} 37. f3 Qe1+ {Black mates.} 38. Bf1 Qe3+ 39. Kh2 Qf2+ 40. Bg2 Bxf3 {[%csl Gf3][%cal Rf2g2]} 41. Rh8+ Kg6 {[%csl Gf3][%cal Rf2g2]} 42. Rxh6+ Kxh6 {Precision: White = 33%, Black = 43%.} 0-1